| 000 | 00779nam a2200265Ia 4500 | ||
|---|---|---|---|
| 003 | OSt | ||
| 005 | 20220912151526.0 | ||
| 006 | a|||||r|||| 00| 0 | ||
| 007 | ta | ||
| 008 | 220909b |||||||| |||| 00| 0 eng d | ||
| 024 | _a50688 | ||
| 037 | _cTextual | ||
| 040 |
_aCSL _beng _cCSL |
||
| 041 | _aeng | ||
| 082 | _aI23:2, J2 | ||
| 100 | _aGaumann Ernst Albert | ||
| 245 | 0 | _aFungi : A description of their morphological features and evolutionary development | |
| 260 |
_aNew York _b Hafner _c1952 |
||
| 300 |
_a418p. _ccm. Ill |
||
| 500 |
_aAppendix p. _ccm.370-371.The fungi imperfect.; Bibliography p. _ccm.373-400. |
||
| 650 | _a Fungi | ||
| 650 | _aBotany | ||
| 942 |
_hI23:2, J2 _cTEXL _2CC |
||
| 999 |
_c70630 _d70630 |
||